[Event "Sampa Chess Open - Local Piso Superior (ao lado da Renner) às 19h00"]
[Site "Shopping Metrô Tatuapé - Rua Domingos Agostim, 91, São Paulo/SP 03306-010"]
[Date "2024.02.04"]
[Round "9"]
[Board "8"]
[White "Silva, Kaua Marques"]
[Black "Dos Santos Dutra, Fernando Junior Freire"]
[Result "1/2-1/2"]
[WhiteElo "2142"]
[BlackElo "2262"]
[PlyCount "98"]
[EventDate "2024.01.29"]
[EventRounds "9"]
[EventCountry "BRA"]

1. e4 c5 2. Nf3 d6 3. d4 cxd4 4. Nxd4 Nf6 5. Nc3 Nc6 6. Bg5 e6 7. Qd2 a6 8. O-O-O
Bd7 9. Kb1 b5 10. Nxc6 Bxc6 11. f3 Be7 12. h4 h6 13. Be3 Rc8 14. Ne2 Bb7 15. Nd4
Nd7 16. g4 Ne5 17. Qg2 g6 18. f4 Nc4 19. Bxc4 Rxc4 20. b3 Rc8 21. h5 g5 22. Rhf1
gxf4 23. Bxf4 e5 24. Bxh6 exd4 25. g5 Qd7 26. Bg7 Rxh5 27. g6 f6 28. Bxf6 Qe6 29.
g7 Kd7 30. Bxe7 Bxe4 31. g8=R Rxg8 32. Qe2 Rc5 33. Rde1 Rg4 34. Bf8 Rxc2 35. Rf7+
Kc6 36. Rc1 d3 37. Qf1 Qe5 38. Rxc2+ dxc2+ 39. Kc1 Qa1+ 40. Kd2 c1=B+ 41. Qxc1+ Qxc1+
42. Kxc1 b4 43. Rf6 a5 44. Rxd6+ Kb5 45. Re6 Rg1+ 46. Kd2 Rg2+ 47. Ke1 Bb1 48. a4+
bxa3 49. Bxa3 Ra2  1/2-1/2

[Event "Sampa Chess Open - Local Piso Superior (ao lado da Renner) às 19h00"]
[Site "Shopping Metrô Tatuapé - Rua Domingos Agostim, 91, São Paulo/SP 03306-010"]
[Date "2024.02.04"]
[Round "9"]
[Board "9"]
[White "De Albuquerque, Ian Telek C."]
[Black "Melian, Juan Sebastian"]
[Result "1-0"]
[WhiteElo "2089"]
[BlackElo "2238"]
[PlyCount "55"]
[EventDate "2024.01.29"]
[EventRounds "9"]
[EventCountry "BRA"]

1. e4 c5 2. Nf3 e6 3. d4 cxd4 4. Nxd4 Nc6 5. Nc3 Qc7 6. Be3 a6 7. g4 b5 8. Nxc6 Qxc6
9. Qd2 Bb7 10. f3 Bc5 11. O-O-O d6 12. Bd3 Nf6 13. g5 Nd7 14. f4 Rc8 15. Bxc5 Qxc5
16. Rhe1 O-O 17. h4 Nb6 18. Qe3 Qc7 19. h5 b4 20. Ne2 e5 21. Ng3 Rfe8 22. Kb1 d5
23. fxe5 Rxe5 24. Qf4 Rce8 25. Rf1 dxe4 26. Nxe4 Bxe4 27. Bxe4 Qc4 28. Qxe5  1-0

[Event "Sampa Chess Open - Local Piso Superior (ao lado da Renner) às 19h00"]
[Site "Shopping Metrô Tatuapé - Rua Domingos Agostim, 91, São Paulo/SP 03306-010"]
[Date "2024.02.04"]
[Round "9"]
[Board "10"]
[White "Cordero, Daniela"]
[Black "Matsuura, Everaldo"]
[Result "0-1"]
[WhiteElo "2028"]
[BlackElo "2410"]
[PlyCount "68"]
[EventDate "2024.01.29"]
[EventRounds "9"]
[EventCountry "BRA"]

1. d4 Nf6 2. Nf3 g6 3. c4 Bg7 4. g3 d5 5. cxd5 Nxd5 6. Bg2 Nb6 7. O-O Nc6 8. e3 O-O
9. Nc3 Re8 10. h3 a5 11. b3 a4 12. Rb1 axb3 13. Rxb3 Be6 14. Ra3 Bc4 15. Re1 Nb4
16. Nd2 Ba6 17. Qb3 Nd3 18. Rd1 e5 19. d5 Bf8 20. Ra5 Bb4 21. Rxa6 Rxa6 22. Bf1 Nxc1
23. Qxb4 Nxa2 24. Nxa2 Rxa2 25. e4 Qd6 26. Qb5 Rea8 27. Nc4 Nxc4 28. Bxc4 Ra1 29.
Rxa1 Rxa1+ 30. Kg2 Rc1 31. Be2 Rc2 32. Bd3 Rd2 33. Bc4 Kg7 34. Qa5 Rd4  0-1

[Event "Sampa Chess Open - Local Piso Superior (ao lado da Renner) às 19h00"]
[Site "Shopping Metrô Tatuapé - Rua Domingos Agostim, 91, São Paulo/SP 03306-010"]
[Date "2024.02.04"]
[Round "9"]
[Board "11"]
[White "Terao, Juliana Sayumi"]
[Black "Ikejiri, Daniel Yoshito"]
[Result "1-0"]
[WhiteElo "2198"]
[BlackElo "1916"]
[PlyCount "85"]
[EventDate "2024.01.29"]
[EventRounds "9"]
[EventCountry "BRA"]

1. e4 c5 2. c3 Nf6 3. e5 Nd5 4. Nf3 Nc6 5. Bc4 Nb6 6. Bb3 d5 7. exd6 Qxd6 8. Na3
a6 9. O-O Be6 10. Re1 c4 11. Bc2 g6 12. b3 Bg7 13. Qe2 cxb3 14. axb3 O-O 15. d4 Rac8
16. Bb2 Qd7 17. Ng5 Bf5 18. Ne4 Bxe4 19. Bxe4 e6 20. Nc2 Rfd8 21. Red1 Nd5 22. Ne3
Nce7 23. c4 Nxe3 24. fxe3 Nf5 25. Qf3 Rc7 26. Bc3 Rb8 27. Be1 Re8 28. Ba5 Bh6 29.
Bxc7 Qxc7 30. Re1 Qb6 31. Rab1 Nxe3 32. Kh1 Qxd4 33. Bxb7 Rd8 34. Bxa6 Qc3 35. h3
Qa5 36. Bb7 Qa2 37. c5 Rd2 38. Qg3 Rf2 39. Ra1 Qb2 40. Ra4 Kg7 41. Qb8 Kf6 42. Qh8+
Bg7 43. Qd8+  1-0

[Event "Sampa Chess Open - Local Piso Superior (ao lado da Renner) às 19h00"]
[Site "Shopping Metrô Tatuapé - Rua Domingos Agostim, 91, São Paulo/SP 03306-010"]
[Date "2024.02.04"]
[Round "9"]
[Board "12"]
[White "Santanna, Paulo"]
[Black "Batista, Renato Luiz"]
[Result "0-1"]
[WhiteElo "2021"]
[BlackElo "2174"]
[PlyCount "50"]
[EventDate "2024.01.29"]
[EventRounds "9"]
[EventCountry "BRA"]

1. d4 Nf6 2. Nc3 d5 3. Bf4 g6 4. Qd2 c6 5. Nf3 Bf5 6. Ne5 Bg7 7. f3 h5 8. O-O-O Nbd7
9. Kb1 Nxe5 10. dxe5 Nd7 11. e4 dxe4 12. e6 Bxe6 13. Nxe4 Qb6 14. c3 O-O-O 15. Be3
Qa5 16. c4 Qa4 17. b3 Qa3 18. Qc2 Bf5 19. Be2 Qa5 20. Bd4 Bxd4 21. Rxd4 Qe5 22. Qc3
Bxe4+ 23. fxe4 c5 24. Rd3 Qxc3 25. Rxc3 Ne5  0-1

[Event "Sampa Chess Open - Local Piso Superior (ao lado da Renner) às 19h00"]
[Site "Shopping Metrô Tatuapé - Rua Domingos Agostim, 91, São Paulo/SP 03306-010"]
[Date "2024.02.04"]
[Round "9"]
[Board "13"]
[White "Fernandes De Sousa, Julio Cesar"]
[Black "Rigonati, Eduardo Enrico Santana"]
[Result "0-1"]
[WhiteElo "2162"]
[BlackElo "1827"]
[PlyCount "58"]
[EventDate "2024.01.29"]
[EventRounds "9"]
[EventCountry "BRA"]

1. e4 Nf6 2. e5 Nd5 3. d4 d6 4. c4 Nb6 5. exd6 exd6 6. Nc3 Be7 7. Be3 O-O 8. Bd3
Bf6 9. h3 Be6 10. b3 d5 11. c5 Nc8 12. Nge2 Nc6 13. a3 N8e7 14. Qc2 h6 15. Rd1 Qd7
16. g4 Rae8 17. Kd2 Bh4 18. Ng1 f5 19. Nf3 Bxf2 20. Bxf2 fxg4 21. Rdg1 Rxf3 22. Kc1
Bf5 23. Bxf5 Qxf5 24. Qxf5 Nxf5 25. Be1 Nfxd4 26. Rxg4 Nxb3+ 27. Kb2 Nxc5 28. Bh4
Ne5 29. Rg2 Nc4+  0-1

[Event "Sampa Chess Open - Local Piso Superior (ao lado da Renner) às 19h00"]
[Site "Shopping Metrô Tatuapé - Rua Domingos Agostim, 91, São Paulo/SP 03306-010"]
[Date "2024.02.04"]
[Round "9"]
[Board "14"]
[White "Passos, Marco Aurelio Novaes"]
[Black "Saito, Vinicius"]
[Result "0-1"]
[WhiteElo "1671"]
[BlackElo "2147"]
[PlyCount "86"]
[EventDate "2024.01.29"]
[EventRounds "9"]
[EventCountry "BRA"]

1. e4 e6 2. d4 d5 3. exd5 exd5 4. Nf3 Nc6 5. Bd3 Bg4 6. c3 Bd6 7. Qe2+ Nge7 8. Bg5
f6 9. Bh4 Qd7 10. Nbd2 O-O-O 11. O-O-O Rde8 12. Qf1 Ng6 13. Bg3 Nf4 14. Bxf4 Bxf4
15. h3 Be6 16. Kb1 Ne7 17. Nb3 b6 18. Bb5 c6 19. Ba6+ Kb8 20. a4 Nf5 21. g3 Bd6 22.
Rc1 Ne7 23. Nfd2 g5 24. c4 dxc4 25. Nxc4 Bd5 26. Rg1 Bb4 27. Qd1 Qxh3 28. Ne3 Qd7
29. Nxd5 Qxd5 30. Rc4 Bd6 31. Qg4 Rd8 32. Rgc1 h5 33. Qd1 h4 34. gxh4 gxh4 35. Qh1
h3 36. R4c3 Qxh1 37. Rxh1 h2 38. Nd2 Rdg8 39. Rcc1 Bf4 40. Kc2 Nd5 41. Bc4 Rh3 42.
Bxd5 cxd5 43. Rcf1 Rc8+  0-1

[Event "Sampa Chess Open - Local Piso Superior (ao lado da Renner) às 19h00"]
[Site "Shopping Metrô Tatuapé - Rua Domingos Agostim, 91, São Paulo/SP 03306-010"]
[Date "2024.02.04"]
[Round "9"]
[Board "15"]
[White "Cueto, Jonny"]
[Black "Cruz, Natan Gomes"]
[Result "1-0"]
[WhiteElo "2108"]
[BlackElo "1888"]
[PlyCount "95"]
[EventDate "2024.01.29"]
[EventRounds "9"]
[EventCountry "BRA"]

1. e4 c6 2. Nc3 d5 3. Nf3 dxe4 4. Nxe4 Nf6 5. Qe2 Nxe4 6. Qxe4 Qd5 7. Qh4 Qe6+ 8.
Be2 Qg6 9. Qg3 Qxg3 10. hxg3 Bf5 11. d3 Nd7 12. Be3 e5 13. O-O-O Be7 14. d4 e4 15.
Nd2 O-O-O 16. g4 Bg6 17. g5 f5 18. g4 Rhf8 19. gxf5 Bxf5 20. Rdg1 Rde8 21. Bg4 Bg6
22. Bh5 Nb6 23. Bxg6 hxg6 24. Rh4 Nd5 25. Rxe4 Bd6 26. Rgg4 Rxe4 27. Nxe4 Bf4 28.
Kd2 Re8 29. Rxf4 Nxf4 30. Nd6+ Kd7 31. Nxe8 Ne6 32. Nf6+ gxf6 33. gxf6 b6 34. Kd3
Nc7 35. c4 Ke6 36. Bf4 Na6 37. a3 Kxf6 38. Ke4 Ke6 39. b4 b5 40. c5 Ke7 41. d5 Kd7
42. f3 g5 43. Be5 cxd5+ 44. Kxd5 Nc7+ 45. Bxc7 Kxc7 46. Ke6 a5 47. Kf5 axb4 48. axb4
 1-0

[Event "Sampa Chess Open - Local Piso Superior (ao lado da Renner) às 19h00"]
[Site "Shopping Metrô Tatuapé - Rua Domingos Agostim, 91, São Paulo/SP 03306-010"]
[Date "2024.02.04"]
[Round "9"]
[Board "17"]
[White "Vargas, Goncalo Cintra"]
[Black "De Menezes, Ricardo Fagner Dias"]
[Result "1/2-1/2"]
[WhiteElo "2041"]
[BlackElo "1675"]
[PlyCount "94"]
[EventDate "2024.01.29"]
[EventRounds "9"]
[EventCountry "BRA"]

1. Nf3 d5 2. b3 Nf6 3. Bb2 c6 4. c4 e6 5. e3 Bd6 6. Be2 Nbd7 7. O-O O-O 8. Nc3 b6
9. cxd5 cxd5 10. Nb5 Qe7 11. Qc1 Ba6 12. Nfd4 Bxb5 13. Nxb5 Rfc8 14. Qd1 Qf8 15.
Nxd6 Qxd6 16. Ba6 Rc7 17. Rc1 Ne8 18. f4 Rxc1 19. Qxc1 Nc5 20. Bb5 Qd8 21. Qc3 f6
22. b4 Ne4 23. Qc6 N8d6 24. d3 a6 25. dxe4 axb5 26. e5 Ne4 27. Qxe6+ Kf8 28. exf6
gxf6 29. a3 Qe8 30. Qf5 Qf7 31. Rc1 Nd6 32. Qxf6 Qxf6 33. Bxf6 Rxa3 34. Bd4 Nc4 35.
Ra1 Rb3 36. Ra8+ Kf7 37. Ra7+ Ke6 38. Rxh7 Kf5 39. Rf7+ Kg4 40. h3+ Kg3 41. Rg7+
Kh4 42. Bf6+ Kh5 43. g4+ Kh6 44. g5+ Kh5 45. Rh7+ Kg6 46. Rh6+ Kf5 47. Bd4 Ke4  1/2-1/2

[Event "Sampa Chess Open - Local Piso Superior (ao lado da Renner) às 19h00"]
[Site "Shopping Metrô Tatuapé - Rua Domingos Agostim, 91, São Paulo/SP 03306-010"]
[Date "2024.02.04"]
[Round "9"]
[Board "18"]
[White "Martins De Aguiar, Marina"]
[Black "Santos, Marcus Vinicius Moreira"]
[Result "0-1"]
[WhiteElo "1862"]
[BlackElo "2331"]
[PlyCount "76"]
[EventDate "2024.01.29"]
[EventRounds "9"]
[EventCountry "BRA"]

1. e4 g6 2. Nf3 Bg7 3. d4 d6 4. c4 Nf6 5. Nc3 O-O 6. Be2 Na6 7. O-O e5 8. a3 exd4
9. Nxd4 Nc5 10. Qc2 Nfxe4 11. Nxe4 Bxd4 12. Rd1 Ne6 13. Bh6 Re8 14. Rd3 f5 15. Nc3
Be5 16. Rad1 c6 17. g3 Nc5 18. Re3 Qf6 19. h4 Bd7 20. Kg2 a5 21. f4 Bd4 22. Rxe8+
Rxe8 23. Bf3 Bxc3 24. bxc3 Ne4 25. Bxe4 fxe4 26. Qb3 Qe6 27. Rh1 e3 28. Qd1 c5 29.
f5 Qe4+ 30. Kh2 e2 31. Qe1 Qxf5 32. Bf4 Bc6 33. Rg1 Qe6 34. Bd2 Rf8 35. Bf4 Qxc4
36. Qd2 Re8 37. Re1 Qe4 38. Kh3 h5  0-1

[Event "Sampa Chess Open - Local Piso Superior (ao lado da Renner) às 19h00"]
[Site "Shopping Metrô Tatuapé - Rua Domingos Agostim, 91, São Paulo/SP 03306-010"]
[Date "2024.02.04"]
[Round "9"]
[Board "19"]
[White "Tsuboi, Edson Kenji"]
[Black "Jorge, Denrick Cabral Jose"]
[Result "1-0"]
[WhiteElo "2200"]
[BlackElo "1874"]
[PlyCount "63"]
[EventDate "2024.01.29"]
[EventRounds "9"]
[EventCountry "BRA"]

1. e4 c5 2. Nf3 d6 3. d4 cxd4 4. Nxd4 Nf6 5. Nc3 a6 6. a4 e5 7. Nf3 Be7 8. Bc4 Be6
9. Bb3 O-O 10. O-O Nc6 11. Bg5 Na5 12. Bxf6 Bxf6 13. Ba2 Nc4 14. Nd5 b5 15. axb5
axb5 16. Bxc4 Rxa1 17. Qxa1 bxc4 18. Rd1 Bg4 19. Qa3 Bg5 20. Qc3 f5 21. Qxc4 Bxf3
22. gxf3 Kh8 23. exf5 Rxf5 24. Qe4 Qf8 25. Ra1 g6 26. Ne3 Kg7 27. Nxf5+ gxf5 28.
Ra7+ Kh6 29. Qd5 Bf4 30. Qe6+ Kg5 31. Rf7 Qd8 32. Qxf5+  1-0

[Event "Sampa Chess Open - Local Piso Superior (ao lado da Renner) às 19h00"]
[Site "Shopping Metrô Tatuapé - Rua Domingos Agostim, 91, São Paulo/SP 03306-010"]
[Date "2024.02.04"]
[Round "9"]
[Board "20"]
[White "De Paula, Luan Araujo"]
[Black "Da Silva, Lucas Pereira Mendes"]
[Result "0-1"]
[WhiteElo "1863"]
[BlackElo "1974"]
[PlyCount "78"]
[EventDate "2024.01.29"]
[EventRounds "9"]
[EventCountry "BRA"]

1. e4 c5 2. Nf3 d6 3. Bb5+ Nd7 4. a4 Ngf6 5. Nc3 e5 6. O-O Be7 7. Re1 O-O 8. d3 Nb8
9. h3 Nc6 10. Bg5 Rb8 11. Qd2 Nd4 12. Nxd4 cxd4 13. Ne2 a6 14. Bc4 h6 15. Bxh6 gxh6
16. Qxh6 Nh7 17. Ng3 Bg5 18. Qg6+ Kh8 19. Bxf7 Qe7 20. Bd5 Bd7 21. Nf5 Bxf5 22. exf5
Rf6 23. Qh5 Rbf8 24. Be6 Rh6 25. Qe2 Bf4 26. g3 Ng5 27. Kg2 Nxe6 28. fxe6 Qxe6 29.
Rh1 Bg5 30. c3 Rhf6 31. Rhf1 Qd5+ 32. f3 Be3 33. c4 Qe6 34. b4 Rg8 35. b5 Rxg3+ 36.
Kxg3 Rg6+ 37. Kh2 Bf4+ 38. Kh1 Qxh3+ 39. Qh2 Qxh2#  0-1

[Event "Sampa Chess Open - Local Piso Superior (ao lado da Renner) às 19h00"]
[Site "Shopping Metrô Tatuapé - Rua Domingos Agostim, 91, São Paulo/SP 03306-010"]
[Date "2024.02.04"]
[Round "9"]
[Board "21"]
[White "Simeao, Miguel Roberto Ranieri"]
[Black "Hirota Da Silva, Nilton"]
[Result "1/2-1/2"]
[WhiteElo "1962"]
[BlackElo "1827"]
[PlyCount "63"]
[EventDate "2024.01.29"]
[EventRounds "9"]
[EventCountry "BRA"]

1. c4 c6 2. e4 d6 3. Nc3 e5 4. g3 Nf6 5. Bg2 Be7 6. Nge2 Be6 7. d3 Qd7 8. h3 Na6
9. Be3 d5 10. cxd5 cxd5 11. d4 exd4 12. Nxd4 dxe4 13. Nxe6 Qxe6 14. Qa4+ Kf8 15.
O-O Nb4 16. a3 Nbd5 17. Nxd5 Nxd5 18. Qxe4 Qxe4 19. Bxe4 Nxe3 20. fxe3 Bf6 21. Rac1
Re8 22. Bd5 h5 23. Rc7 Re7 24. Rc8+ Re8 25. Rc7 Re7 26. Rc8+ Re8 27. Rxe8+ Kxe8 28.
b3 b6 29. Rc1 Ke7 30. e4 Be5 31. Kg2 Rh6 32. Rf1  1/2-1/2

[Event "Sampa Chess Open - Local Piso Superior (ao lado da Renner) às 19h00"]
[Site "Shopping Metrô Tatuapé - Rua Domingos Agostim, 91, São Paulo/SP 03306-010"]
[Date "2024.02.04"]
[Round "9"]
[Board "22"]
[White "Pironti, Francisco Ferrari"]
[Black "Moreira, Paulo Vinicius Macedo"]
[Result "1-0"]
[WhiteElo "1953"]
[BlackElo "1711"]
[PlyCount "123"]
[EventDate "2024.01.29"]
[EventRounds "9"]
[EventCountry "BRA"]

1. e4 e6 2. d4 d5 3. e5 c5 4. c3 Nc6 5. Nf3 Nh6 6. Bd3 Nf5 7. O-O cxd4 8. Bxf5 exf5
9. Nxd4 Nxd4 10. Qxd4 Be7 11. Nd2 O-O 12. Nf3 Be6 13. h4 h6 14. h5 Qc7 15. Bf4 Bc5
16. Qd2 Kh7 17. a4 Rfd8 18. a5 a6 19. Be3 Rac8 20. Bxc5 Qxc5 21. Nd4 Qe7 22. Ra4
Rc4 23. Rxc4 dxc4 24. Qf4 Qg5 25. Nxe6 fxe6 26. Qxc4 Rd5 27. Qc8 Qe7 28. b4 Rxe5
29. Rd1 Qf7 30. f3 f4 31. Qd7 Qxh5 32. Qxb7 Qh4 33. Qxa6 Re1+ 34. Rxe1 Qxe1+ 35.
Qf1 Qxc3 36. Qb1+ Kg8 37. a6 Kf7 38. b5 Qc5+ 39. Kf1 Qc4+ 40. Ke1 Qc3+ 41. Ke2 Qc4+
42. Qd3 Qa2+ 43. Kf1 Qa1+ 44. Kf2 Qb2+ 45. Kg1 Qc1+ 46. Kh2 Qc5 47. Qd7+ Kf6 48.
Qe8 Qf2 49. Qf8+ Ke5 50. Qxg7+ Kd5 51. Qd7+ Ke5 52. Qc7+ Kf5 53. Qh7+ Kg5 54. Qe4
Qc5 55. Qxe6 Qxb5 56. Qg4+ Kf6 57. Qxf4+ Kg6 58. a7 Qh5+ 59. Kg3 Qa5 60. Qe4+ Kg5
61. f4+ Kh5 62. Qe8#  1-0

[Event "Sampa Chess Open - Local Piso Superior (ao lado da Renner) às 19h00"]
[Site "Shopping Metrô Tatuapé - Rua Domingos Agostim, 91, São Paulo/SP 03306-010"]
[Date "2024.02.04"]
[Round "9"]
[Board "23"]
[White "Cardoso, Maria Paula Da Silva"]
[Black "Gazineu Neto, Rubens"]
[Result "1/2-1/2"]
[WhiteElo "1780"]
[BlackElo "1912"]
[PlyCount "69"]
[EventDate "2024.01.29"]
[EventRounds "9"]
[EventCountry "BRA"]

1. e4 c5 2. c3 d5 3. exd5 Qxd5 4. Nf3 Nc6 5. Na3 Bg4 6. Be2 Nf6 7. Nc2 Qd7 8. d4
cxd4 9. Ncxd4 Nxd4 10. Nxd4 Bxe2 11. Qxe2 e6 12. O-O Be7 13. Bg5 O-O 14. Rfe1 Rfe8
15. Rad1 Qc8 16. Qf3 a6 17. b3 Qc7 18. a4 Rac8 19. c4 h6 20. Bf4 Qb6 21. Rd3 Bc5
22. Nc2 Rcd8 23. Rxd8 Rxd8 24. g3 Be7 25. a5 Qa7 26. Be3 Bc5 27. Bxc5 Qxc5 28. Qxb7
Rd2 29. Qb6 Nd7 30. Qxc5 Nxc5 31. Nb4 Nxb3 32. Nxa6 Ra2 33. Rb1 Nxa5 34. c5 Rc2 35.
Rb6  1/2-1/2

[Event "Sampa Chess Open - Local Piso Superior (ao lado da Renner) às 19h00"]
[Site "Shopping Metrô Tatuapé - Rua Domingos Agostim, 91, São Paulo/SP 03306-010"]
[Date "2024.02.04"]
[Round "9"]
[Board "24"]
[White "Cristino, Felipe Borges"]
[Black "Da Rocha, Lucas Sampaio"]
[Result "1/2-1/2"]
[WhiteElo "1890"]
[BlackElo "1647"]
[PlyCount "96"]
[EventDate "2024.01.29"]
[EventRounds "9"]
[EventCountry "BRA"]

1. d4 Nf6 2. c4 g6 3. Nc3 Bg7 4. e4 d6 5. h3 e5 6. dxe5 dxe5 7. Qc2 c6 8. Nf3 Qe7
9. Be2 Nbd7 10. Be3 a5 11. O-O Nh5 12. Rfd1 O-O 13. Qd2 Nc5 14. Qd6 Qxd6 15. Rxd6
Ne6 16. Na4 Rd8 17. Rxd8+ Nxd8 18. Nb6 Rb8 19. Nxc8 Rxc8 20. Rd1 Nf4 21. Bf1 Nfe6
22. Rd7 Nf8 23. Rd1 Nde6 24. c5 Rd8 25. Rc1 Nd4 26. Nd2 Nfe6 27. g3 Bf8 28. Nc4 Bxc5
29. Nxe5 f6 30. Ng4 Kg7 31. Kg2 h5 32. Nh2 b6 33. h4 Nb5 34. Bxc5 Nxc5 35. Nf3 Kf7
36. e5 Ke6 37. exf6 Kxf6 38. Rc4 Nd6 39. Rd4 Ne6 40. Rd3 Nc5 41. Rd1 Ndb7 42. Re1
Nd3 43. Bxd3 Rxd3 44. Ng5 Nc5 45. Re8 Rd2 46. Rf8+ Kg7 47. Rf7+ Kg8 48. Rf6 Kg7  1/2-1/2

[Event "Sampa Chess Open - Local Piso Superior (ao lado da Renner) às 19h00"]
[Site "Shopping Metrô Tatuapé - Rua Domingos Agostim, 91, São Paulo/SP 03306-010"]
[Date "2024.02.04"]
[Round "9"]
[Board "26"]
[White "Carvalho Jr, Celestino"]
[Black "Fernandez Barrero, Javier"]
[Result "1-0"]
[WhiteElo "1939"]
[BlackElo "1743"]
[PlyCount "70"]
[EventDate "2024.01.29"]
[EventRounds "9"]
[EventCountry "BRA"]

1. e4 e5 2. Bc4 Nf6 3. d4 exd4 4. Nf3 Bb4+ 5. c3 dxc3 6. O-O d6 7. Bxf7+ Kxf7 8.
Qb3+ Kf8 9. Qxb4 cxb2 10. Bxb2 Nc6 11. Qa3 Nxe4 12. Qe3 Nf6 13. Nbd2 Qe8 14. Qf4
h6 15. Bxf6 Qf7 16. Bxg7+ Kxg7 17. Qg3+ Qg6 18. Rab1 Qxg3 19. hxg3 Rb8 20. Rfc1 Bf5
21. Rb5 Bd7 22. Nh4 Nd4 23. Rxc7 Nxb5 24. Rxd7+ Kf6 25. a4 Ke6 26. Rg7 Nc3 27. Rg6+
Kd7 28. Nc4 d5 29. Ne5+ Kc7 30. Nf5 Rh7 31. g4 b5 32. Rc6+ Kd8 33. Rxc3 b4 34. Nc6+
Kc8 35. Nxb4+ Rc7  1-0

[Event "Sampa Chess Open - Local Piso Superior (ao lado da Renner) às 19h00"]
[Site "Shopping Metrô Tatuapé - Rua Domingos Agostim, 91, São Paulo/SP 03306-010"]
[Date "2024.02.04"]
[Round "9"]
[Board "27"]
[White "Deus Filho, Joaquim De"]
[Black "Bastos, Danillo Alves"]
[Result "1-0"]
[WhiteElo "1848"]
[BlackElo "1667"]
[PlyCount "51"]
[EventDate "2024.01.29"]
[EventRounds "9"]
[EventCountry "BRA"]

1. e4 e6 2. Qe2 c5 3. f4 Nc6 4. Nf3 g6 5. Nc3 d6 6. d3 Bg7 7. Qf2 b6 8. Nd1 Nge7
9. c3 a5 10. Qh4 d5 11. Be2 Ba6 12. Nf2 dxe4 13. dxe4 Bxe2 14. Kxe2 Nc8 15. Qh3 Qe7
16. e5 b5 17. Ne4 f5 18. exf6 Bxf6 19. Be3 c4 20. Bc5 Qf7 21. Rhf1 Be7 22. Nfg5 Bxg5
23. fxg5 Qg7 24. Qxe6+ N8e7 25. Nd6+ Kd8 26. Bb6#  1-0

[Event "Sampa Chess Open - Local Piso Superior (ao lado da Renner) às 19h00"]
[Site "Shopping Metrô Tatuapé - Rua Domingos Agostim, 91, São Paulo/SP 03306-010"]
[Date "2024.02.04"]
[Round "9"]
[Board "28"]
[White "Jenidarchiche, Douglas Rodrigo"]
[Black "Munhoz, Joao Pedro"]
[Result "1-0"]
[WhiteElo "1845"]
[BlackElo "1608"]
[PlyCount "73"]
[EventDate "2024.01.29"]
[EventRounds "9"]
[EventCountry "BRA"]

1. d4 d5 2. c4 e6 3. Nc3 Nf6 4. cxd5 exd5 5. Bg5 Be7 6. e3 O-O 7. Bd3 c6 8. Nge2
Nbd7 9. O-O Re8 10. Qc2 Nf8 11. f3 h6 12. Bh4 N6h7 13. Bf2 Bd6 14. e4 dxe4 15. fxe4
Bc7 16. Rae1 Qg5 17. Ng3 Ng6 18. e5 Nhf8 19. Be3 Qh4 20. Nf5 Bxf5 21. Bxf5 Rad8 22.
Qb3 Re7 23. Qd1 Bxe5 24. h3 Bxd4 25. Kh1 Bb6 26. Qf3 Rde8 27. Ne4 Bxe3 28. g3 Rxe4
29. gxh4 Nxh4 30. Qxe4 Rxe4 31. Bxe4 Bd4 32. Bxc6 bxc6 33. Re4 Bxb2 34. Rxh4 c5 35.
Ra4 f6 36. Rb1 Bd4 37. Rb8  1-0

[Event "Sampa Chess Open - Local Piso Superior (ao lado da Renner) às 19h00"]
[Site "Shopping Metrô Tatuapé - Rua Domingos Agostim, 91, São Paulo/SP 03306-010"]
[Date "2024.02.04"]
[Round "9"]
[Board "29"]
[White "Sanches De Carvalho, Fabio"]
[Black "Matiuci, Bernardo Steinle"]
[Result "1-0"]
[WhiteElo "1838"]
[BlackElo "1546"]
[PlyCount "99"]
[EventDate "2024.01.29"]
[EventRounds "9"]
[EventCountry "BRA"]

1. d4 Nf6 2. Bg5 g6 3. Nd2 d5 4. e3 Bg7 5. Bd3 O-O 6. f4 b6 7. Ngf3 Bb7 8. O-O Nbd7
9. Qe1 c5 10. c3 Ne4 11. Qh4 Nxg5 12. Nxg5 h6 13. Ngf3 e6 14. Qg3 Nf6 15. Rad1 Ne4
16. Qh3 Qc8 17. Bb1 Bc6 18. Rfe1 Bb7 19. Ne5 b5 20. Ndf3 Rd8 21. Ng4 e5 22. Bxe4
dxe4 23. Nfxe5 h5 24. Nf2 Bxe5 25. fxe5 Qxh3 26. Nxh3 Bd5 27. a3 a5 28. dxc5 Rac8
29. Rd4 Bc4 30. b4 axb4 31. axb4 Rxd4 32. exd4 Ra8 33. Nf2 e3 34. Nd1 Ra1 35. Rxe3
Rxd1+ 36. Kf2 Rd2+ 37. Ke1 Rxg2 38. c6 Rg1+ 39. Kf2 Ra1 40. c7 Ra8 41. d5 Kf8 42.
d6 Be6 43. Rd3 Ke8 44. Ke3 Kd7 45. Kd4 Ra6 46. Kc5 Rc6+ 47. Kd4 f6 48. Rf3 fxe5+
49. Kxe5 Rxd6 50. c8=Q+  1-0

[Event "Sampa Chess Open - Local Piso Superior (ao lado da Renner) às 19h00"]
[Site "Shopping Metrô Tatuapé - Rua Domingos Agostim, 91, São Paulo/SP 03306-010"]
[Date "2024.02.04"]
[Round "9"]
[Board "30"]
[White "Da Cunha, Gabriela Goes"]
[Black "De Brito E Silva, William"]
[Result "1-0"]
[WhiteElo "1837"]
[BlackElo "1549"]
[PlyCount "67"]
[EventDate "2024.01.29"]
[EventRounds "9"]
[EventCountry "BRA"]

1. d4 d5 2. c4 e6 3. cxd5 exd5 4. Nc3 Nf6 5. Bg5 Be7 6. Bxf6 Bxf6 7. e3 c6 8. Nf3
O-O 9. Bd3 Bg4 10. Qc2 g6 11. Nd2 Re8 12. O-O Nd7 13. h3 Be6 14. b4 a5 15. a3 b5
16. Ne2 Qc8 17. Rac1 Nb8 18. Nb3 axb4 19. axb4 Na6 20. Qd2 Qb7 21. Na5 Qe7 22. Nxc6
Qd6 23. Bxb5 Bd7 24. Bxa6 Rxa6 25. b5 Ra3 26. Qb4 Qxb4 27. Nxb4 Bxb5 28. Nxd5 Bd8
29. Rfe1 Kg7 30. Nc7 Bxc7 31. Rxc7 Ra2 32. Nc3 Ra5 33. Rc5 Ra1 34. Rxa1  1-0

[Event "Sampa Chess Open - Local Piso Superior (ao lado da Renner) às 19h00"]
[Site "Shopping Metrô Tatuapé - Rua Domingos Agostim, 91, São Paulo/SP 03306-010"]
[Date "2024.02.04"]
[Round "9"]
[Board "31"]
[White "Branquinho, Eduardo De Medeiros"]
[Black "Sulz, Isaque Sathler"]
[Result "1-0"]
[WhiteElo "1815"]
[BlackElo "1516"]
[PlyCount "69"]
[EventDate "2024.01.29"]
[EventRounds "9"]
[EventCountry "BRA"]

1. e4 c5 2. Nf3 g6 3. d4 cxd4 4. Nxd4 Bg7 5. Be3 Nc6 6. c4 Nf6 7. Nc3 d6 8. Be2 O-O
9. O-O Nd7 10. Qd2 Nc5 11. Rfd1 Bd7 12. f3 Nxd4 13. Bxd4 Bxd4+ 14. Qxd4 Ne6 15. Qd2
Qb6+ 16. Kh1 Bc6 17. h4 Qf2 18. Qe1 Qxe1+ 19. Rxe1 Nd4 20. Bd3 f5 21. exf5 Nxf5 22.
Bxf5 Rxf5 23. Rxe7 Rh5 24. Nd5 Rxh4+ 25. Kg1 Rxc4 26. Nf6+ Kf8 27. Rxh7 b6 28. Re1
Rf4 29. Re6 Rd8 30. Rc7 Bb5 31. Nh7+ Kg8 32. Rxg6+ Kh8 33. Rh6 Bd7 34. Ng5+ Kg7 35.
Rxd6  1-0